[Event "Skalica op-B"]
[Site "Skalica"]
[Date "2021.08.29"]
[Round "9"]
[White "Hatala, Peter"]
[Black "Kozusnik, Roman"]
[Result "0-1"]
[WhiteElo "1493"]
[BlackElo "1368"]
[PlyCount "41"]
[EventDate "2021.08.21"]
[EventType "swiss"]
[EventRounds "9"]
[EventCountry "SVK"]
[SourceTitle "CBM 204 Extra"]
[Source "ChessBase"]
[SourceDate "2021.11.30"]
[SourceVersion "1"]
[SourceVersionDate "2021.11.30"]
[SourceQuality "1"]

1. e4 b6 2. Nc3 Bb7 3. Nf3 g6 4. d3 Bg7 5. Bd2 e6 6. Be2 Ne7 7. 0-0 Nbc6 8. Re1 0-0 9. Qc1 Nd4 10. Nxd4 Bxd4 11. Bh6 Bg7 12. Nb5 d5 13. Bxg7 Kxg7 14. e5 d4 15. Qf4 Qd5 16. Qf6+ Kg8 17. Bf3 Qxb5 18. Bxb7 Rae8 19. Reb1 Qd7 20. Be4 Nd5 21. a3 0-1

[Event "Tatry op"]
[Site "Tatranske Zruby"]
[Date "2013.10.01"]
[Round "4"]
[White "Janas, Peter"]
[Black "Hatala, Peter"]
[Result "1/2-1/2"]
[WhiteElo "1707"]
[BlackElo "1572"]
[PlyCount "60"]
[EventDate "2013.09.29"]
[EventType "swiss"]
[EventRounds "9"]
[EventCountry "SVK"]
[SourceTitle "EXT 2023"]
[Source "ChessBase"]
[SourceDate "2022.10.05"]
[SourceVersion "1"]
[SourceVersionDate "2022.10.05"]
[SourceQuality "1"]

1. Nf3 Nf6 2. d4 d5 3. c4 c6 4. e3 e6 5. c5 Nbd7 6. Nc3 Be7 7. b4 Qc7 8. Be2 0-0 9. 0-0 Re8 10. Qc2 e5 11. dxe5 Nxe5 12. Nxe5 Qxe5 13. Bb2 Qc7 14. Rac1 Bg4 15. Qd1 Bxe2 16. Nxe2 Rad8 17. Ng3 Qc8 18. Bd4 a6 19. Qc2 Qe6 20. Rfe1 Ne4 21. Nxe4 Qxe4 22. Qb2 Bf8 23. Qd2 Re6 24. f3 Qh4 25. g3 Qh3 26. Qg2 Qxg2+ 27. Kxg2 Rde8 28. Kf2 g6 29. Re2 Bg7 30. Bxg7 Kxg7 1/2-1/2

[Event "Tatry op"]
[Site "Tatranske Zruby"]
[Date "2012.09.27"]
[Round "6"]
[White "Hatala, Peter"]
[Black "Lezakova, Dana"]
[Result "1-0"]
[WhiteElo "1568"]
[BlackElo "1505"]
[PlyCount "45"]
[EventDate "2012.09.23"]
[EventType "swiss"]
[EventRounds "9"]
[EventCountry "SVK"]
[SourceTitle "EXT 2023"]
[Source "ChessBase"]
[SourceDate "2022.10.05"]
[SourceVersion "1"]
[SourceVersionDate "2022.10.05"]
[SourceQuality "1"]

1. e4 e5 2. Nf3 Nc6 3. Bc4 Bc5 4. d3 Nf6 5. 0-0 0-0 6. Nc3 d6 7. a3 a6 8. Bg5 Bg4 9. h3 Bh5 10. Nd5 Nd4 11. Nxf6+ gxf6 12. Bh6 Nxf3+ 13. gxf3 Re8 14. Kh2 Kh8 15. Qe2 Qd7 16. Rg1 Bg6 17. Rg3 f5 18. Bg5 f4 19. Bf6+ Kg8 20. Rg4 c6 21. h4 h5 22. Rxg6+ Kf8 23. Rh6 1-0

[Event "Tatry op"]
[Site "Tatranske Zruby"]
[Date "2012.09.24"]
[Round "2"]
[White "Skapikova, Lubica"]
[Black "Hatala, Peter"]
[Result "1-0"]
[WhiteElo "1907"]
[BlackElo "1568"]
[PlyCount "83"]
[EventDate "2012.09.23"]
[EventType "swiss"]
[EventRounds "9"]
[EventCountry "SVK"]
[SourceTitle "EXT 2023"]
[Source "ChessBase"]
[SourceDate "2022.10.05"]
[SourceVersion "1"]
[SourceVersionDate "2022.10.05"]
[SourceQuality "1"]

1. e4 c5 2. Nf3 d6 3. d4 cxd4 4. Nxd4 a6 5. c4 e5 6. Nb3 Qc7 7. Nc3 Nf6 8. f3 Be7 9. Be3 Bd7 10. Bd3 0-0 11. Qe2 Bc6 12. Rc1 Nbd7 13. Qf2 Rfc8 14. 0-0 Qd8 15. Nd2 Nc5 16. Bb1 a5 17. Rfd1 Qf8 18. Nf1 Bd7 19. g4 h6 20. Nd5 Bd8 21. Ng3 g5 22. Qd2 Nh7 23. Kg2 Ra6 24. Rh1 f6 25. h4 Ne6 26. Nf5 Nf4+ 27. Bxf4 gxf4 28. Rcg1 Bxf5 29. gxf5 b6 30. a3 Ra7 31. Kf1+ Kh8 32. Ba2 Rg7 33. Rg6 Rb8 34. Rxg7 Kxg7 35. Rg1+ Kh8 36. c5 bxc5 37. Rg6 Rb7 38. Nc3 Rg7 39. Nb5 c4 40. Bxc4 Bb6 41. Nxd6 Rd7 42. Qd5 1-0

[Event "SVK-ch Seniors-A"]
[Site "Tatranske Matliare"]
[Date "2011.05.??"]
[Round "2"]
[White "Hatala, Peter"]
[Black "Bakalar, Jan"]
[Result "0-1"]
[WhiteElo "1585"]
[BlackElo "2017"]
[PlyCount "82"]
[EventDate "2011.05.27"]
[EventType "swiss"]
[EventRounds "9"]
[EventCountry "SVK"]
[SourceTitle "EXT 2023"]
[Source "ChessBase"]
[SourceDate "2022.10.05"]
[SourceVersion "1"]
[SourceVersionDate "2022.10.05"]
[SourceQuality "1"]

1. e4 c5 2. Nf3 a6 3. Nc3 e6 4. d4 cxd4 5. Nxd4 Qc7 6. Bd3 Bd6 7. Nf3 Nc6 8. 0-0 Ne5 9. Nxe5 Bxe5 10. f4 Bxc3 11. bxc3 Qxc3 12. Bd2 Qd4+ 13. Kh1 Ne7 14. Qe1 0-0 15. Bc3 Qa4 16. Qg3 f6 17. Bd2 f5 18. Bc3 Rf7 19. exf5 Nxf5 20. Bxf5 exf5 21. Rfe1 d5 22. Re5 Qc6 23. Rae1 Bd7 24. Re7 Re8 25. Rxe8+ Bxe8 26. Re5 Bd7 27. Qd3 Qc4 28. Rxd5 Qxd3 29. Rxd3 h6 30. h3 Ba4 31. Rd8+ Kh7 32. Rd2 Rc7 33. Be5 Rc4 34. c3 Re4 35. Kh2 Bc6 36. Kg3 g5 37. Rf2 h5 38. Kh2 h4 39. Kg1 g4 40. hxg4 fxg4 41. Kh2 g3+ 0-1

[Event "SVK-ch Seniors-A"]
[Site "Tatranske Matliare"]
[Date "2010.06.??"]
[Round "3"]
[White "Majzlan, Blazej"]
[Black "Hatala, Peter"]
[Result "1-0"]
[WhiteElo "1897"]
[BlackElo "1583"]
[PlyCount "59"]
[EventDate "2010.06.06"]
[EventType "swiss"]
[EventRounds "9"]
[EventCountry "SVK"]
[SourceTitle "EXT 2023"]
[Source "ChessBase"]
[SourceDate "2022.10.05"]
[SourceVersion "1"]
[SourceVersionDate "2022.10.05"]
[SourceQuality "1"]

1. f4 d5 2. Nf3 Nc6 3. e3 Nf6 4. b3 e6 5. Bb2 Be7 6. Bb5 Bd7 7. 0-0 0-0 8. d3 a6 9. Bxc6 Bxc6 10. Nbd2 b5 11. Ne5 Bb7 12. Qe1 Nd7 13. Ndf3 Nxe5 14. Nxe5 f6 15. Ng4 Qe8 16. Rf3 c5 17. Rg3 Kh8 18. Rh3 Qg6 19. Qh4 Rad8 20. Ne5 fxe5 21. Qxe7 Qf7 22. Qh4 Qg8 23. Bxe5 Rd7 24. Rg3 Rff7 25. Rg6 Rfe7 26. Rf1 d4 27. e4 Qe8 28. Rh6 Qg8 29. Rf3 Bc6 30. Rh3 1-0